Statistics for 2023-24 FIFA CHELSEA PLAYER BY PICTURE

Click here to take the quiz!

General Stats

  • This quiz has been taken 146 times
  • The average score is 14 of 17

Answer Stats

Answer% Correct
Raheem Sterling
94%
Enzo Fernández
92%
Mykhailo Mudryk
92%
Thiago Silva
91%
Marc Cucurella
90%
Reece James
90%
Cole Palmer
83%
Moisés Caicedo
81%
Ben Chilwell
79%
Conor Gallagher
78%
Robert Sánchez
76%
Nicolas Jackson
75%
Noni Madueke
70%
Armando Broja
67%
Levi Colwill
67%
Malo Gusto
67%
Axel Disasi
64%

Score Distribution

Percentile by Number Answered

Percent of People with Each Score

Your Score History

You have not taken this quiz